| 000 | 00937nam a2200289 i 4500 | ||
|---|---|---|---|
| 001 | bg | ||
| 003 | BPK | ||
| 005 | 20210319105717.0 | ||
| 008 | 991116s1982 pl a |000 0 pol | ||
| 015 | _aPB 1982/9455 | ||
| 020 | _a832080244X | ||
| 040 |
_aWA N _cBPK |
||
| 041 | 0 | _apol | |
| 080 | _a303.2 | ||
| 080 | _a311 | ||
| 100 | 1 |
_aLuszniewicz, Andrzej _d(1930- ) _eAutor |
|
| 245 | 1 | 0 |
_aStatystyka społeczna : _bpodstawowe problemy i metody / _cAndrzej Luszniewicz. |
| 250 | _a[Wyd. 2]. | ||
| 260 |
_aWarszawa : _bPańst. Wydaw. Ekonomiczne, _c1982. |
||
| 300 |
_a393, [3] s. : _bil. tab. ; _c21 cm. |
||
| 504 | _aBibliogr. s. 385-[394]. | ||
| 650 | 4 |
_aNauki społeczne _xmetodologia. |
|
| 650 | 4 | _aStatystyka | |
| 710 | 2 |
_aPaństwowe Wydawnictwo Ekonomiczne _4pbl. |
|
| 856 |
_uhttp://koha.tu.koszalin.pl/cgi-bin/koha/opac-detail.pl?biblionumber=21766 _yKatalog online BPK |
||
| 942 |
_2UKD _cKS |
||
| 999 |
_c21766 _d21766 |
||